000 00570nam a2200229Ia 4500
003 OSt
005 20221005130506.0
006 a|||||r|||| 00| 0
007 ta
008 221004b |||||||| |||| 00| 0 eng d
024 _a65546
037 _cTextual
040 _aCRL
_cCRL
_beng
041 _2eng
_aeng
082 _aV495:221xN12x, L2
100 _aKim IL Sung
245 0 _aRevolutionary literature and arts
260 _c1972
650 _aHISTORY
942 _hV495:221xN12x, L2
_cTEXL
_2cc
999 _c1057430
_d1057430